00392nam a2200157Ia 4500008004100000020001800041041000800059082001500067100001900082245002300101250001200124260001800136300002800154365001600182700003600198230718s9999 xx 000 0 und d a9789332518742 aeng a004.6bTAN aTanenbaum A.S. aComputer Networks  a5th ed. c2014bPearson a804dRef 103 IT (51111) cRs.b789.00 aTanenbaum A.S. & Wetherall D.J.